It looks like you're offline.
Open Library logo
additional options menu

MARC record from Internet Archive

LEADER: 00872pam a2200229 a 4500
001 96005416
003 DLC
005 19990716000000.0
008 960216s1996 nyua j 000 1 eng
010 $a 96005416
020 $a080916633X (alk. paper)
040 $aDLC$cDLC$dDLC
042 $alcac
050 00 $aPZ7.C44525$bCam 1996
082 00 $a[E]$220
100 1 $aChittenden, Penelope Beach.
245 10 $aCamel for a king /$cwritten and illustrated by Penelope Beach Chittenden.
260 $aNew York ;$aMahwah, N.J. :$bPaulist Press,$cc1996.
300 $a1 v. (unpaged) :$bcol. ill. ;$c15 x 23 cm.
520 $aAfter being banished for chewing on everything in sight, a young camel makes a lonely journey across the desert and meets up with three kings who take her along to see a special baby.
650 1 $aCamels$xFiction.
600 01 $aJesus Christ$xNativity$xFiction.